Online
Catalog

La Fundación Interamericana en la República Dominicana : (Record no. 44435)

MARC details
000 -CABECERA
campo de control de longitud fija 01128nam a2200241 a 4500
001 - NÚMERO DE CONTROL
campo de control 000044946
005 - FECHA Y HORA DE LA ÚLTIMA TRANSACCIÓN
campo de control 20201002045743.0
008 - DATOS DE LONGITUD FIJA--INFORMACIÓN GENERAL
campo de control de longitud fija 150122s1983 vauabc 000 0 spa d
020 ## - NÚMERO INTERNACIONAL ESTÁNDAR DEL LIBRO
Número Internacional Estándar del Libro 0911713018
040 ## - FUENTE DE LA CATALOGACIÓN
Centro catalogador/agencia de origen DO-SdBNP
Lengua de catalogación spa
Centro/agencia transcriptor BNPHU
041 17 - CÓDIGO DE LENGUA
Código de lengua del texto/banda sonora o título independiente spa
Fuente del código eng
082 ## - NÚMERO DE LA CLASIFICACIÓN DECIMAL DEWEY
Número de clasificación xxxx
Número de documento/Ítem xxxx
100 1# - ENTRADA PRINCIPAL--NOMBRE DE PERSONA
Nombre de persona Mashek, Robert W.
9 (RLIN) 72962
245 13 - MENCIÓN DE TÍTULO
Título La Fundación Interamericana en la República Dominicana :
Resto del título una década de apoyo a las Organizaciones de desarrollo locales = The Interamerican Foundation in the Dominican Republic : a decade of support for local development organizations /
Mención de responsabilidad, etc. Robert W. Mashek y Stephen G. Vetter ; traductora Elizabeth E. Couts.
246 10 - FORMA VARIANTE DE TÍTULO
Título propio/Titulo breve The Interamerican Foundation in the Dominican Republic : a decade of support for local development organizations
260 ## - PUBLICACIÓN, DISTRIBUCIÓN, ETC.
Lugar de publicación, distribución, etc. Rosslyn, Virginia :
Nombre del editor, distribuidor, etc. Fundación Interamericana,
Fecha de publicación, distribución, etc. 1983.
300 ## - DESCRIPCIÓN FÍSICA
Extensión 41, [32], 43 p :
Otras características físicas il., mapas, retrs. ;
Dimensiones 21 cm.
500 ## - NOTA GENERAL
Nota general Incluye datos biográficos de los autores
504 ## - NOTA DE BIBLIOGRAFÍA, ETC.
Nota de bibliografía, etc. Bibliografía : p. 40
546 ## - NOTA DE LENGUA/LENGUAJE
Nota de lengua/lenguaje Español, Inglés.
700 1# - PUNTO DE ACCESO ADICIONAL--NOMBRE DE PERSONA
Nombre de persona Vetter, Stephen G.
9 (RLIN) 72963
700 1# - PUNTO DE ACCESO ADICIONAL--NOMBRE DE PERSONA
Nombre de persona Couts, Elizabeth E.
Término indicativo de función/relación tr.
9 (RLIN) 72964
Holdings
Estado de retiro Estado de pérdida Restricciones de uso No para préstamo Código de colección Localización permanente Ubicación/localización actual Ubicación en estantería Fecha de adquisición Número de inventario Total de préstamos Signatura topográfica completa Código de barras Fecha visto por última vez Precio válido a partir de Tipo de ítem Koha
      Excluido de préstamo Monografías: Libros y Folletos Patrimonio Dominicano Patrimonio Dominicano En catalogación 22.01.2015 LF1   xxxx xxxx 44946-10 25.06.2020 25.06.2020 No se presta

Powered by Koha